[Event "BIH-chT 14th"]
[Site "Prijedor"]
[Date "2015.09.11"]
[Round "7.3"]
[White "Arapovic, Vitomir"]
[Black "Marcetic, Predrag"]
[Result "1-0"]
[WhiteElo "2348"]
[BlackElo "2287"]
[PlyCount "215"]
[EventDate "2015.09.05"]
[EventType "team-tourn"]
[EventRounds "9"]
[EventCountry "BIH"]
[SourceTitle "EXT 2016"]
[Source "ChessBase"]
[SourceDate "2015.10.08"]
[SourceVersion "1"]
[SourceVersionDate "2015.10.08"]
[SourceQuality "1"]
[WhiteTeam "Sarajevo Napredak"]
[BlackTeam "Sokolac Glasinac"]
[WhiteTeamCountry "BIH"]
[BlackTeamCountry "BIH"]

1. e4 d5 2. exd5 Nf6 3. Nc3 Nxd5 4. Bc4 c6 5. Qf3 e6 6. Nge2 Qf6 7. Bxd5 exd5 8. Qxf6 gxf6 9. d3 Be6 10. 0-0 Bd6 11. Bf4 Ke7 12. Rfe1 Nd7 13. Bg3 Bxg3 14. hxg3 h5 15. f3 Kd6 16. Kf2 h4 17. Rh1 hxg3+ 18. Nxg3 b5 19. Nce2 c5 20. Rxh8 Rxh8 21. d4 c4 22. Ke3 a5 23. a4 b4 24. b3 c3 25. Nf4 Nb8 26. Nfh5 Rh6 27. Rh1 Nc6 28. Rh4 Ne7 29. Rf4 f5 30. Rh4 f6 31. Rh1 Bf7 32. Nf4 Rxh1 33. Nxh1 Be8 34. Nf2 Bd7 35. N2d3 Bc8 36. Nc5 Nc6 37. Ncd3 Ba6 38. Nf2 Bf1 39. Nh1 Ba6 40. Ng3 Ne7 41. Ngh5 Ng8 42. Ng7 Bc8 43. Ng6 Bd7 44. Nf4 Ne7 45. Ngh5 Ng8 46. Nd3 Bc8 47. Nc5 Ke7 48. Ng7 Kf7 49. Nh5 Ke7 50. Kf2 Nh6 51. Ke3 Nf7 52. Kd3 Nd8 53. Ke3 Nf7 54. Nf4 Kd6 55. Nh5 Ke7 56. Kf2 Nd8 57. Ke2 Nf7 58. Ke3 Nd8 59. Nd3 Nf7 60. Nhf4 Kd6 61. Nc5 Nd8 62. Nh5 Ke7 63. Kf4 Nc6 64. Ke3 Nd8 65. Nd3 Bd7 66. Nhf4 Kd6 67. Nc5 Bc8 68. Ne2 Nc6 69. Nf4 Nd8 70. Nh5 Ke7 71. Nd3 Kf7 72. Ndf4 Be6 73. Nxe6 Nxe6 74. Nf4 Nc7 75. Kf2 Ke7 76. Kg3 Kd6 77. Kh4 Na6 78. Kh5 Nb8 79. Kg6 Nc6 80. Ne2 Ke6 81. Kg7 Ke7 82. g3 Nd8 83. Nf4 Nc6 84. Ne2 Nd8 85. Kg6 Ne6 86. Kxf5 Kf7 87. g4 Ng5 88. Kf4 Ke6 89. Ke3 Kd6 90. Nf4 Nf7 91. Nd3 Nd8 92. Nc5 Nc6 93. f4 Ke7 94. f5 Nd8 95. Kf4 Nc6 96. Ne6 Kf7 97. g5 fxg5+ 98. Kxg5 Nb8 99. Nf4 Nc6 100. Nxd5 Nxd4 101. Ne3 Nf3+ 102. Kf4 Ne1 103. Kg3 Kf6 104. Kf2 Nxc2 105. Nxc2 Kxf5 106. Ke3 Ke5 107. Kd3 Kd5 108. Ne3+ 1-0